Historia de Iberoamérica
Αποθηκεύτηκε σε:
| Κύριος συγγραφέας: | |
|---|---|
| Μορφή: | Βιβλίο |
| Γλώσσα: | Ισπανικά |
| Έκδοση: |
Barcelona
Ramón Sopena
1968
|
| Σειρά: | Biblioteca Hispania Ilustrada, 23
|
| Θέματα: | |
| Ετικέτες: |
Προσθήκη ετικέτας
Δεν υπάρχουν, Καταχωρήστε ετικέτα πρώτοι!
|
MARC
| LEADER | 00000nam a2200000 a 4500 | ||
|---|---|---|---|
| 001 | UCO4060 | ||
| 003 | CL-VaPUC | ||
| 008 | 000728e19680000SP |||||||||||||||||spa|d | ||
| 082 | 0 | 4 | |a 980 |b ROD |2 21 |
| 100 | 0 | |a Rodríguez Lapuente, Manuel |e author |9 448174 | |
| 245 | 1 | 0 | |a Historia de Iberoamérica |
| 300 | |a 679 p | ||
| 942 | |c BK | ||
| 945 | |d 20000728 00:00:00 |a crobeson | ||
| 260 | |a Barcelona |b Ramón Sopena |c 1968 | ||
| 650 | 7 | |a HISTORIA LATINOAMERICANA |2 CL-VaPUC |9 347191 | |
| 650 | 7 | |a DESCUBRIMIENTO DE AMERICA |2 CL-VaPUC |9 448175 | |
| 650 | 0 | |a Conquista |9 339504 | |
| 650 | 7 | |a COLONIA |2 CL-VaPUC |9 448176 | |
| 650 | 0 | |a Independencia |9 344246 | |
| 651 | 0 | |a América Latina |9 255027 | |
| 583 | |a last modification |c 20000728 00:00:00 |k Rodrigo Vera | ||
| 490 | 0 | |a Biblioteca Hispania Ilustrada, 23 | |
| 999 | |c 290145 |d 290143 | ||
| 952 | |0 0 |1 0 |4 0 |6 980_000000000000000_ROD_1968 |7 0 |8 A |9 339408 |a BIBHIS |b BIBHIS |d 2019-11-20 |i 1203673 |o 980 ROD 1968 |p 1203673 |r 2025-01-20 |w 2019-11-20 |y BK |k HIS | ||